San Francisco / (Record no. 13875)

000 -LEADER
fixed length control field 00479pam a2200157 a 4500
020 ## - INTERNATIONAL STANDARD BOOK NUMBER
ISBN 0875183832 :
040 ## - CATALOGING SOURCE
Transcribing agency DLC
082 00 - DEWEY DECIMAL CLASSIFICATION NUMBER
Classification number 979 DIL 1989 A104 Or.
100 1# - MAIN ENTRY--AUTHOR NAME
Personal name Haddock, Patricia.
245 10 - TITLE STATEMENT
Title San Francisco /
260 ## - PUBLICATION, DISTRIBUTION, ETC. (IMPRINT)
Place of publication Minneapolis, MN :
Name of publisher Dillon Press,
Year of publication c1989.
300 ## - PHYSICAL DESCRIPTION
Number of Pages 60 p. :
Other physical details ill. (some col.) ;
Dimensions 21 x 24.
500 ## - GENERAL NOTE
General note Includes index.
520 ## - SUMMARY, ETC.
Summary, etc Describes the past and present, neighborhoods, attractions, and festivals of San Francisco.
942 ## - ADDED ENTRY ELEMENTS (KOHA)
Koha item type សៀវភៅភាសាអង់គ្លេស
952 ## - LOCATION AND ITEM INFORMATION (KOHA)
Withdrawn status [LOCAL, KOHA] 0
Holdings
Permanent Location Date acquired Koha item type Lost status Shelving location Barcode Current Location Full call number
Library Block A2017-10-02សៀវភៅភាសាអង់គ្លេស A104A14701Library Block A979 DIL 1989 A104 Or.
មជ្ឈមណ្ឌលឯការនៃសាកលវិទ្យាល័យភូមិន្ទកសិកម្មចំការដូង

Powered by Koha